000 00983nas a2200337 4500
001 BR0404867
003 BR-BrBNA
005 20231205104907.0
007 ta
008 230509b bl.|||p| |||| 00| 00por d
040 _aBR-BrBNA
_bpor
_cBiblioteca Nacional de Agricultura
041 _a(Pt)
072 _aL02; L52
100 1 _aSchoulten, N.A.
100 1 _aTeixeira, A.S.
100 1 _aRodrigues, P.B.
100 1 _aFreitas, R.T.F. de
100 1 _aConte, A.J.
100 1 _aSilva, H.O.
245 1 _aDesempenho de frango de corte alimentados com ração contendo farelo de arroz e enzimas
650 _aFRANGO DE CORTE
650 _aRAÇÃO BALANCEADA
650 _aENZIMA
650 _aGANHO DE PESO
650 _aARROZ
650 _aFARELO
650 _aPERFORMANCE
773 0 _tCiência e Agrotecnologia (Brazil)
_xISSN 1413-7054
_g(Nov-Dec 2003), v. 27(6) p. 1380-1387
_wBR0404867
909 _a202311
_bLúcia
_c55
_dLúcia Elande
942 _2AGRIS
_n0
_cANA
999 _c180169
_d180169